| 000 | 01346namaa22003251i 4500 | ||
|---|---|---|---|
| 005 | 20260628132552.0 | ||
| 008 | 260628s1994 ua adc|frm||| 00| 0 eng d | ||
| 040 |
_aEG-GICUC _beng _cEG-GICUC _dEG-GICUC _erda |
||
| 041 | 0 |
_aeng _beng _bara |
|
| 049 | _aDeposit | ||
| 097 | _aM.Sc | ||
| 099 | _aCai01.11.25.M.Sc.1994.Eh.B | ||
| 100 | 0 |
_aEhab Ali Sayed Ahmed _epreparation. |
|
| 245 | 1 | 0 |
_aBiomechanics of the occipital-atlanto-axial articulation / _cBy Ehab Ali Sayed Ahmed ; Supervised By Dr. Hazem Abdel Azeem, Dr. Hassan El-Gamal. |
| 246 | 1 | 5 | _aالميكانيكا الحيوية للمفصلين الفقهى القفوى و الفقهى المحورى |
| 264 | 0 | _c1994. | |
| 300 |
_a115 pages : _billustrations ; _c30 cm. + |
||
| 336 |
_2rda content _atext |
||
| 337 |
_2rdamedia _aUnmediated |
||
| 338 |
_2rdacarrier _avolume |
||
| 502 | _aThesis (M.Sc.)-Cairo University, 1994. | ||
| 504 | _aBibliography: pages 110-115 | ||
| 653 | 0 | _aorthopaedics | |
| 653 | 0 | _aoccipital-atlanto-axial articulation | |
| 700 | 0 |
_aDr. Hazem Abdel Azeem. _ethesis advisor. |
|
| 700 | 0 |
_aDr. Hassan El-Gamal. _ethesis advisor. |
|
| 900 |
_DDepartment of orthopaedics _FFaculty of medicine _UCairo University _b1994. _cDr. Hazem Abdel Azeem. _cDr. Hassan El-Gamal. _dDr. Hazem Abdel Azeem. |
||
| 905 | _aNermeen-A | ||
| 942 |
_2ddc _cTH _e21 _n0 |
||
| 999 | _c180636 | ||